| 000 | 00441nam a2200157 a 4500 | ||
|---|---|---|---|
| 005 | 20210219153006.0 | ||
| 008 | 991125n 000 0 spa u | ||
| 035 | _aUPN01000071742 | ||
| 100 | _aPrieto Castillo, Daniel | ||
| 222 | _aTECNOLOGIA Y COMUNICACION EDUCATIVAS | ||
| 245 | _aDesarollo de las Nuevas Tecnologias de Informacion | ||
| 300 | _a71-82 | ||
| 362 | _a1987-88 Ano 2, No.9-10 | ||
| 904 |
_aAC _b009553 |
||
| 905 | _aArticulo | ||
| 999 |
_c65686 _d65686 |
||